[Event "45th Olympiad 2024"]
[Site "Budapest HUN"]
[Date "2024.09.12"]
[Round "2.44"]
[Board "1"]
[White "Laohawirapap, Prin"]
[Black "Garcia Pantoja, Roberto"]
[Result "1-0"]
[WhiteTitle "IM"]
[BlackTitle "GM"]
[WhiteElo "2380"]
[BlackElo "2550"]
[WhiteTeam "Thailand"]
[BlackTeam "Colombia"]
[WhiteFideId "6205003"]
[BlackFideId "3509265"]
[EventDate "2024.09.11"]

1. e4 e6 2. d4 d5 3. Nd2 Be7 4. Ngf3 Nf6 5. e5 Nfd7 6. Bd3 c5 7. c3 Nc6 8. O-O
a5 9. a4 O-O 10. Re1 f6 11. Qc2 f5 12. dxc5 Qc7 13. Nb3 Ndxe5 14. Nxe5 Nxe5 15.
h3 Nxd3 16. Qxd3 Bxc5 17. Nxc5 Qxc5 18. Bf4 Bd7 19. h4 Rf6 20. h5 Rc8 21. Bg5
Rf7 22. Qg3 Qc4 23. Bf4 h6 24. Re3 Kh8 25. Ra3 Rcf8 26. b3 Qc6 27. Ra1 Qb6 28.
Ra3 d4 29. cxd4 Qxd4 30. Re1 Bc6 31. Raa1 Bd5 32. Rac1 Qf6 33. Rc5 Kh7 34. Rec1
Rd7 35. Rc7 Rfd8 36. Rxd7 Rxd7 37. Qe3 Qh4 38. Rc7 Rxc7 39. Bxc7 Qxh5 40. f3 Qe8
41. Bxa5 Qc6 42. Bd2 Qc2 43. Bc3 Qd1+ 44. Kh2 Bxb3 45. Bd4 Kg6 46. Qe5 Kf7 47.
Qc7+ Ke8 48. Qc8+ Ke7 49. Qxb7+ Kd6 50. Qb6+ Kd7 51. Be5 Ke8 52. Bd6 Qe1 53. Bg3
Qc3 54. Qb8+ Kf7 55. Be5 Qc4 56. Qb7+ Ke8 57. Qa8+ Kf7 58. f4 Bxa4 59. Qb7+ Ke8
60. Qxg7 Kd8 61. Qb7 Bd7 62. Qb8+ Qc8 63. Bf6+ Ke8 64. Qd6 Kf7 65. Qe7+ Kg6 66.
Qg7+ Kh5 67. g4+ fxg4 68. Qf7# 1-0

[Event "45th Olympiad 2024"]
[Site "Budapest HUN"]
[Date "2024.09.12"]
[Round "2.44"]
[Board "2"]
[White "Cardoso Cardoso, Jose Gabriel"]
[Black "Kulpruethanon, Thanadon"]
[Result "1-0"]
[WhiteTitle "GM"]
[BlackTitle "FM"]
[WhiteElo "2508"]
[BlackElo "2286"]
[WhiteTeam "Colombia"]
[BlackTeam "Thailand"]
[WhiteFideId "4430492"]
[BlackFideId "6201610"]
[EventDate "2024.09.11"]

1. e4 c5 2. Nf3 Nc6 3. d4 cxd4 4. Nxd4 g6 5. c4 Nf6 6. Nc3 d6 7. Be2 Nxd4 8.
Qxd4 Bg7 9. O-O O-O 10. Qd3 a6 11. Be3 Bd7 12. Rfd1 b5 13. cxb5 axb5 14. Nxb5
Bxb5 15. Qxb5 Rb8 16. Qc4 Rxb2 17. Bd4 Rb8 18. a4 Qa5 19. e5 Ne4 20. e6 Rb4 21.
exf7+ Kh8 22. Bxg7+ Kxg7 23. Qc2 Rxf7 24. Bf3 Ng5 25. Bd5 Rf5 26. Qc3+ e5 27. h4
Nf7 28. g3 Rxf2 29. Rab1 Qa7 30. Qxb4 Rb2+ 31. Kh1 Rxb4 32. Rxb4 Nd8 33. Bg2 Qc5
34. Rb5 Qa3 35. Kh2 Qxa4 36. Rbb1 Ne6 37. Rxd6 Nc5 38. Rd5 Qc2 39. Rb5 Nd3 40.
Rb7+ Kf6 41. Rd6+ Kf5 42. Rf7+ Kg4 43. Rxd3 Qxd3 44. Bh3+ 1-0

[Event "45th Olympiad 2024"]
[Site "Budapest HUN"]
[Date "2024.09.12"]
[Round "2.44"]
[Board "3"]
[White "Bodemar, Jonathan"]
[Black "Avila Pavas, Santiago"]
[Result "0-1"]
[BlackTitle "GM"]
[WhiteElo "2195"]
[BlackElo "2485"]
[WhiteTeam "Thailand"]
[BlackTeam "Colombia"]
[WhiteFideId "6205488"]
[BlackFideId "4437128"]
[EventDate "2024.09.11"]

1. e4 c5 2. Nf3 d6 3. d4 cxd4 4. Nxd4 Nf6 5. Nc3 Nc6 6. f3 e5 7. Nb3 Be7 8. Be3
Be6 9. Qd2 d5 10. exd5 Nxd5 11. Nxd5 Qxd5 12. Qxd5 Bxd5 13. O-O-O O-O-O 14. Bb5
Kb8 15. c4 Be6 16. Bxc6 bxc6 17. Na5 Kc7 18. a3 c5 19. Kc2 Bf5+ 20. Kc3 Rd4 21.
b4 Rb8 22. b5 Bd7 23. Bxd4 cxd4+ 24. Kb2 a6 25. a4 Bb4 26. Nb3 axb5 27. cxb5 Ra8
28. Rc1+ Kb6 29. Rc4 Rxa4 30. Nc5 Bc3+ 31. Kb3 Rxc4 32. Kxc4 Bxb5+ 33. Kd5 Bb4
34. Ne4 f6 35. Rb1 Ka5 36. Nd6 Bxd6 37. Kxd6 Be2 38. Kd5 d3 39. Rb2 Ka4 40. Ke4
Ka3 41. Rd2 Kb3 42. g3 Kc3 43. Ke3 f5 44. Ra2 f4+ 45. gxf4 exf4+ 46. Kf2 Bd1 47.
Ra7 d2 48. Rc7+ Kb2 49. Rb7+ Bb3 50. Ke2 d1=Q+ 0-1

[Event "45th Olympiad 2024"]
[Site "Budapest HUN"]
[Date "2024.09.12"]
[Round "2.44"]
[Board "4"]
[White "Valderrama Quiceno, Esteban Alb"]
[Black "Arunnuntapanich, Tinnakrit"]
[Result "1-0"]
[WhiteTitle "IM"]
[BlackTitle "FM"]
[WhiteElo "2418"]
[BlackElo "2064"]
[WhiteTeam "Colombia"]
[BlackTeam "Thailand"]
[WhiteFideId "4442024"]
[BlackFideId "6202039"]
[EventDate "2024.09.11"]

1. c4 Nf6 2. Nc3 c5 3. Nf3 Nc6 4. d4 cxd4 5. Nxd4 g6 6. Nc2 Bg7 7. e4 d6 8. Be2
b6 9. O-O O-O 10. Be3 Bb7 11. Qd2 Rc8 12. f3 Qc7 13. Rac1 Qb8 14. Rfd1 Rfd8 15.
Bg5 Re8 16. Nd5 Nd7 17. b4 Bf8 18. Nce3 h6 19. Bh4 g5 20. Bg3 e6 21. Nc3 Nde5
22. a3 Red8 23. f4 gxf4 24. Bxf4 a6 25. Ng4 Nxg4 26. Bxg4 Kh7 27. Qf2 Bg7 28.
Bh5 Rd7 29. Na4 Rf8 30. Nxb6 Rdd8 31. c5 e5 32. Be3 Nd4 33. Bxd4 exd4 34. c6 Ba8
35. Nd7 Rxd7 36. Qf5+ Kh8 37. cxd7 Bb7 38. Bg4 Qd8 39. Rc8 Qe7 40. Rxf8+ Bxf8
41. Rf1 1-0

[Event "45th Olympiad 2024"]
[Site "Budapest HUN"]
[Date "2024.09.12"]
[Round "2.47"]
[Board "1"]
[White "Elbilia, Jacques"]
[Black "Ayyad, Husain"]
[Result "1/2-1/2"]
[WhiteTitle "FM"]
[BlackTitle "FM"]
[WhiteElo "2343"]
[BlackElo "2129"]
[WhiteTeam "Morocco"]
[BlackTeam "Bahrain"]
[WhiteFideId "9000127"]
[BlackFideId "11200243"]
[EventDate "2024.09.11"]

1. d4 Nf6 2. c4 e6 3. Nc3 d5 4. cxd5 exd5 5. Bg5 Be7 6. e3 O-O 7. Bd3 Re8 8.
Nge2 Nbd7 9. O-O c6 10. Qc2 Nf8 11. Rae1 Ne4 12. Bxe7 Qxe7 13. Bxe4 dxe4 14. Ng3
b6 15. Qa4 b5 16. Qc2 b4 17. Nce2 Bb7 18. Rc1 Nd7 19. a3 a5 20. axb4 axb4 21.
Qb3 g6 22. Nf4 Ba6 23. Rfd1 Bb5 24. Ra1 Nb6 25. Rxa8 Rxa8 26. Qc2 Re8 27. d5
cxd5 28. Nxd5 Nxd5 29. Rxd5 Bd3 30. Qc6 Rb8 31. h3 b3 32. Rd4 Qe8 33. Qf6 Rc8
34. Rd6 Qf8 35. f3 Qg7 36. Rd8+ Rxd8 37. Qxd8+ Qf8 38. Qd4 Qc8 39. fxe4 Qc1+ 40.
Kf2 Qc2+ 41. Kf3 Qd1+ 42. Kf4 Qc2 43. Kf3 Bc4 44. e5 Bb5 45. Qd8+ Kg7 46. Qf6+
Kg8 47. e6 Bc6+ 48. Kg4 Qc4+ 49. e4 fxe6 50. Qe5 h6 51. h4 Kf7 52. h5 gxh5+ 53.
Qxh5+ Ke7 54. Qe5 Kd8 55. Qh8+ Kc7 56. Qxh6 Qc2 57. Qg7+ Kc8 58. Qf8+ Kb7 59.
Qe7+ Kb6 60. Qb4+ Kc7 61. Qa5+ Kb7 62. Qb4+ Kc7 63. Qa5+ Kb7 64. Qb4+ Kc7 65.
Qe7+ Kb6 66. Qd8+ Kb7 67. Qd4 Qxg2 68. Qb4+ Kc7 69. Qxb3 Bxe4 70. Qxe6 Bb7 71.
Qe5+ Kb6 72. Qd4+ Kc7 73. Qc3+ Kb6 74. Kf4 Qf2+ 75. Ke5 Qc5+ 76. Qxc5+ 1/2-1/2

[Event "45th Olympiad 2024"]
[Site "Budapest HUN"]
[Date "2024.09.12"]
[Round "2.49"]
[Board "1"]
[White "Johnson, Joshua"]
[Black "Morazo, John Ranel"]
[Result "1-0"]
[WhiteTitle "FM"]
[WhiteElo "2267"]
[BlackElo "2200"]
[WhiteTeam "Trinidad & Tobago"]
[BlackTeam "Palau"]
[WhiteFideId "7700768"]
[BlackFideId "5203791"]
[EventDate "2024.09.11"]

1. e4 c5 2. Nf3 Nc6 3. Bb5 Nf6 4. Nc3 g6 5. e5 Ng4 6. Qe2 Bg7 7. Bxc6 dxc6 8. h3
Nh6 9. Ne4 b6 10. O-O O-O 11. Rd1 Qc7 12. d3 f6 13. Bf4 fxe5 14. Bh2 Nf7 15.
Ned2 Qd8 16. Nc4 Bd7 17. Ncxe5 Be8 18. Re1 a5 19. a4 Ra7 20. Qe3 Nd6 21. c3 Nf5
22. Qe4 Qd5 23. Nc4 Bf7 24. Nxb6 Qb3 25. Qxc6 Qxb2 26. Nd5 Qb7 27. Qxb7 Rxb7 28.
Ne3 Bxc3 29. Nxf5 Bxe1 30. Nh6+ Kg7 31. Nxf7 Bc3 32. Be5+ Bxe5 33. N7xe5 Rfb8
34. Nd2 Rb2 35. Nec4 R2b4 36. Ne4 Rc8 37. Kf1 h6 38. Ke2 Rc7 39. Nxa5 Ra7 40.
Nc4 Raxa4 41. Rxa4 Rxa4 42. Nxc5 Ra2+ 43. Ke3 Kf6 44. Ne4+ Ke6 45. Nc3 Ra1 46.
Ne2 Kf5 47. Nd2 Ra2 48. Nf3 Rb2 49. Nf4 Ra2 50. Nh4+ Kf6 51. Nfxg6 e5 52. f4
exf4+ 53. Nxf4 Ra1 54. Nf3 Rb1 55. g4 Ra1 56. Ke4 Rb1 57. h4 Ra1 58. Nd5+ Kg6
59. Ne5+ Kg7 60. Kf5 Rh1 61. h5 Rd1 62. Nf4 Kh7 63. Kf6 Rf1 64. Ng6 Rd1 65. Kf7
Rf1 66. d4 Rf2 67. d5 Rf1 68. d6 Rf2 69. d7 Rf1 70. Ke7 Re1+ 71. Ne6 1-0

[Event "45th Olympiad 2024"]
[Site "Budapest HUN"]
[Date "2024.09.12"]
[Round "2.51"]
[Board "1"]
[White "Lee, Junhyeok"]
[Black "Hemam, Moulaye Brahim"]
[Result "1-0"]
[WhiteTitle "IM"]
[BlackTitle "CM"]
[WhiteElo "2364"]
[BlackElo "1977"]
[WhiteTeam "South Korea"]
[BlackTeam "Mauritania"]
[WhiteFideId "13202340"]
[BlackFideId "19600054"]
[EventDate "2024.09.11"]

1. e4 e6 2. d4 d5 3. Nc3 Nf6 4. e5 Nfd7 5. f4 c5 6. Nf3 Nc6 7. Be3 cxd4 8. Nxd4
Bc5 9. Qd2 Nxd4 10. Bxd4 Bxd4 11. Qxd4 Qb6 12. Nb5 Qxd4 13. Nxd4 a6 14. h4 Nb8
15. h5 Nc6 16. Nf3 Bd7 17. h6 g6 18. Bd3 Rc8 19. Kd2 Ke7 20. b3 Na7 21. a4 Nc6
22. Rhc1 f6 23. exf6+ Kxf6 24. Re1 Rhe8 25. Re2 Re7 26. Rae1 Rce8 27. Ne5 Nxe5
28. Rxe5 b5 29. a5 Rc8 30. g4 Ree8 31. b4 Rg8 32. f5 gxf5 33. gxf5 Rg2+ 34. Kd1
Rg5 35. Rxe6+ Bxe6 36. Rxe6+ Kf7 37. Rxa6 Rg4 38. Ra7+ Kf6 39. Rxh7 Rxb4 40. a6
Ra8 41. Rg7 Rh4 42. Rg6+ Ke5 43. Re6+ Kd4 44. Bxb5 Rh1+ 45. Kd2 Rh2+ 46. Kc1
Rh1+ 47. Kd2 Rh2+ 48. Be2 Rf2 49. f6 Rf8 50. h7 Rh2 51. a7 Rxh7 52. Re7 Rhh8 53.
f7 Ra8 54. Bb5 Kc5 55. Be8 Kb6 56. Ke3 Kc5 57. Kf4 Kd6 58. Rd7+ Ke6 59. Rb7 Kf6
60. Bc6 Rad8 61. Rd7 Rdf8 62. Bxd5 Rh4+ 63. Ke3 Ke5 64. a8=Q Rh3+ 1-0

[Event "45th Olympiad 2024"]
[Site "Budapest HUN"]
[Date "2024.09.12"]
[Round "2.52"]
[Board "1"]
[White "Hamperl, Fred"]
[Black "Rakotomaharo, Fy Antenaina"]
[Result "0-1"]
[WhiteTitle "FM"]
[BlackTitle "IM"]
[WhiteElo "1977"]
[BlackElo "2440"]
[WhiteTeam "Guernsey"]
[BlackTeam "Madagascar"]
[WhiteFideId "10700110"]
[BlackFideId "13100050"]
[EventDate "2024.09.11"]

1. e4 c5 2. Nf3 e6 3. b3 Nc6 4. Bb2 a6 5. c4 Qc7 6. Na3 Nf6 7. Bd3 Bd6 8. O-O
Ne5 9. Nxe5 Bxe5 10. Bxe5 Qxe5 11. Qe2 g5 12. g3 Rg8 13. Kh1 g4 14. Nc2 b5 15.
f4 gxf3 16. Qxf3 Rg6 17. Ne3 Kd8 18. Nd5 exd5 19. exd5 Rh6 20. Rae1 Qd6 21. Qe3
Rxh2+ 22. Kg1 Rh5 23. Qf3 Kc7 24. Re2 Rg5 25. Re3 Ng4 26. Re4 h5 27. Rf4 Bb7 28.
Bf5 Ne5 29. Qf2 Rag8 0-1

[Event "45th Olympiad 2024"]
[Site "Budapest HUN"]
[Date "2024.09.12"]
[Round "2.53"]
[Board "1"]
[White "Bai, Adelard"]
[Black "De Mey, Juan Pablo"]
[Result "1-0"]
[WhiteTitle "IM"]
[BlackTitle "FM"]
[WhiteElo "2378"]
[BlackElo "1992"]
[WhiteTeam "Chinese Taipei"]
[BlackTeam "Aruba"]
[WhiteFideId "16301188"]
[BlackFideId "15900312"]
[EventDate "2024.09.11"]

1. d4 d5 2. c4 e6 3. Nf3 Nf6 4. g3 Be7 5. Bg2 O-O 6. Nc3 Ne4 7. O-O f5 8. Nxe4
fxe4 9. Nd2 Bf6 10. e3 c6 11. f3 exf3 12. Nxf3 Nd7 13. Qd3 Re8 14. Bd2 a5 15. e4
dxc4 16. Qxc4 Nb6 17. Qe2 Bd7 18. Rac1 Rf8 19. Be3 Be8 20. Bh3 Bf7 21. Ne5 Bxe5
22. dxe5 Nd7 23. Rcd1 Qe7 24. Bf4 Rad8 25. Rd6 Nc5 26. Rfd1 Rxd6 27. exd6 Qd8
28. Qe3 Nd7 29. Bg5 Qc8 30. Be7 Re8 31. Rf1 Rxe7 32. dxe7 Qe8 33. Qa3 c5 34.
Qxa5 Qxe7 35. Qc7 b6 36. Rd1 Be8 37. Qd6 1-0

[Event "45th Olympiad 2024"]
[Site "Budapest HUN"]
[Date "2024.09.12"]
[Round "2.53"]
[Board "2"]
[White "Stetsenko, Ilya"]
[Black "Song, Raymond"]
[Result "0-1"]
[BlackTitle "GM"]
[WhiteElo "1903"]
[BlackElo "2503"]
[WhiteTeam "Aruba"]
[BlackTeam "Chinese Taipei"]
[WhiteFideId "15900762"]
[BlackFideId "3203824"]
[EventDate "2024.09.11"]

1. d4 Nf6 2. c4 e6 3. Nf3 d5 4. g3 Bb4+ 5. Nbd2 dxc4 6. Bg2 O-O 7. Qc2 a5 8.
Qxc4 b6 9. a3 Be7 10. Ne5 Ba6 11. Qc2 Ra7 12. Ndf3 c5 13. Be3 Rc7 14. Rc1 Nd5
15. Qd2 Nxe3 16. fxe3 Nd7 17. Nxd7 Qxd7 18. Ne5 Qb5 19. Bf3 c4 20. O-O Bd6 21.
Ng4 Qg5 22. Rfd1 Rcc8 23. e4 Qxd2 24. Rxd2 b5 25. Rdc2 Rfd8 26. a4 bxa4 27. d5
a3 28. bxa3 Bxa3 29. Rb1 exd5 30. exd5 f6 31. e4 c3 32. Rd1 Bb5 33. Ra2 c2 34.
Rxa3 cxd1=Q+ 35. Bxd1 Rc1 36. Ne3 Be2 0-1

[Event "45th Olympiad 2024"]
[Site "Budapest HUN"]
[Date "2024.09.12"]
[Round "2.55"]
[Board "1"]
[White "Tan, Jun Ying"]
[Black "Asante Debesai Zerabruk"]
[Result "1-0"]
[WhiteTitle "CM"]
[WhiteElo "2322"]
[BlackElo "1908"]
[WhiteTeam "Malaysia"]
[BlackTeam "Eritrea"]
[WhiteFideId "5710413"]
[BlackFideId "15701310"]
[EventDate "2024.09.11"]

1. d4 f5 2. Bg5 Nf6 3. Bxf6 exf6 4. e3 d5 5. c4 Bb4+ 6. Nc3 Bxc3+ 7. bxc3 O-O 8.
Qb3 dxc4 9. Bxc4+ Kh8 10. Ne2 Nd7 11. O-O Nb6 12. Bd3 Qd6 13. a4 Be6 14. c4 g6
15. Nf4 Bf7 16. a5 Nd7 17. Qxb7 Rfb8 18. Qf3 g5 19. c5 Qf8 20. Bxf5 Nxc5 21.
dxc5 gxf4 22. Be4 Bg6 23. Bxa8 Rxa8 24. Qxf4 Qe7 25. Rad1 Rg8 26. f3 Be8 27. Qd4
Bc6 28. e4 Qg7 29. Rf2 h5 30. Rfd2 Kh7 31. Re1 Re8 32. Qf2 Qg5 33. Qe3 Qg7 34.
Kh1 Re5 35. Qd3 Qe7 36. Rc2 h4 37. Qa6 Qd7 38. h3 f5 39. Qc4 Qg7 40. Rce2 Qd7 1-0

[Event "45th Olympiad 2024"]
[Site "Budapest HUN"]
[Date "2024.09.12"]
[Round "2.63"]
[Board "2"]
[White "Darmanin, Jake"]
[Black "Tran, Tuan An"]
[Result "1/2-1/2"]
[WhiteTitle "CM"]
[WhiteElo "2119"]
[BlackElo "1916"]
[WhiteTeam "Malta"]
[BlackTeam "Guam"]
[WhiteFideId "5601061"]
[BlackFideId "31002706"]
[EventDate "2024.09.11"]

1. e4 e6 2. d4 d5 3. Nc3 Bb4 4. exd5 exd5 5. Bd3 Nf6 6. Ne2 c6 7. O-O O-O 8. Bg5
Nbd7 9. Ng3 h6 10. Bf4 Re8 11. h3 Nf8 12. Qf3 Bd6 13. Nce2 Ne4 14. Nxe4 dxe4 15.
Bxe4 Bxf4 16. Nxf4 Qxd4 17. Rae1 Ne6 18. c3 Qf6 19. Nxe6 Qxf3 20. Bxf3 Bxe6 21.
b3 a5 22. Re3 a4 23. Rfe1 Kf8 24. c4 axb3 25. axb3 Red8 26. h4 g5 27. hxg5 hxg5
28. Kh2 Ra2 29. R1e2 Rdd2 30. Kg3 Rxe2 31. Bxe2 Kg7 32. f4 gxf4+ 33. Kxf4 Kf6
34. g4 Rd2 35. g5+ Ke7 36. Bd3 Rf2+ 37. Kg3 Rd2 38. g6 fxg6 39. Bxg6 Kf6 40. Be4
Rb2 41. Kf4 b5 42. Bxc6 bxc4 43. bxc4 Bxc4 44. Rc3 Rb4 45. Ke3 Rb3 46. Rxb3 Bxb3 1/2-1/2

[Event "45th Olympiad 2024"]
[Site "Budapest HUN"]
[Date "2024.09.12"]
[Round "2.64"]
[Board "1"]
[White "Ortega Amarelle, Mariano"]
[Black "Tchouka, Yakini"]
[Result "1-0"]
[WhiteTitle "IM"]
[WhiteElo "2453"]
[BlackElo "1932"]
[WhiteTeam "Cape Verde"]
[BlackTeam "Togo"]
[WhiteFideId "3504301"]
[BlackFideId "21201382"]
[EventDate "2024.09.11"]

1. Nf3 d5 2. g3 Nf6 3. Bg2 e6 4. O-O Be7 5. d3 O-O 6. Nbd2 b6 7. e4 dxe4 8. dxe4
Bb7 9. e5 Nfd7 10. Qe2 Nc6 11. Rd1 Qc8 12. h4 Rd8 13. b3 a5 14. Bb2 a4 15. Ne4
axb3 16. axb3 Rxa1 17. Rxa1 h6 18. Bc3 Nc5 19. Ned2 Bf8 20. b4 Nd7 21. b5 Ne7
22. Ne4 Nd5 23. Bd4 Nc5 24. Bxc5 Bxc5 25. Rd1 Be7 26. Nd4 Qa8 27. Qg4 Kf8 28.
Rd3 Nb4 29. Nxe6+ fxe6 30. Rf3+ Ke8 31. Qxe6 Bxe4 32. Rf7 Rd7 33. Rxg7 Qa1+ 34.
Kh2 1-0

[Event "45th Olympiad 2024"]
[Site "Budapest HUN"]
[Date "2024.09.12"]
[Round "2.66"]
[Board "2"]
[White "Seder, Mohammed"]
[Black "Prasad, Rudr"]
[Result "1-0"]
[WhiteTitle "FM"]
[BlackTitle "CM"]
[WhiteElo "2116"]
[BlackElo "1777"]
[WhiteTeam "Palestine"]
[BlackTeam "Fiji"]
[WhiteFideId "11505567"]
[BlackFideId "11401095"]
[EventDate "2024.09.11"]

1. e4 c6 2. Nf3 d5 3. d3 dxe4 4. dxe4 Qxd1+ 5. Kxd1 Bg4 6. Nd2 Nd7 7. Be2 e6 8.
Ne1 Ngf6 9. f3 Bh5 10. Nd3 Nc5 11. Nf4 Bg6 12. c3 O-O-O 13. Kc2 e5 14. Nxg6 hxg6
15. Bc4 Rd7 16. b4 Na4 17. Bb3 Nb6 18. a4 Bd6 19. a5 Na8 20. Nc4 Bb8 21. Be3 Re8
22. Rhd1 Rxd1 23. Rxd1 Rd8 24. Nb2 Rxd1 25. Kxd1 Nc7 26. Bxf7 Nb5 27. Kc2 g5 28.
Bxg5 b6 29. axb6 axb6 30. Nc4 Kb7 31. h4 Nd6 32. Nxd6+ Bxd6 33. h5 Nh7 34. Bd8
b5 35. Be6 c5 36. Bf5 Nf8 37. Kb3 c4+ 38. Kc2 Kc6 39. g4 Nd7 40. g5 Bf8 41. g6
Nf6 42. h6 1-0

[Event "45th Olympiad 2024"]
[Site "Budapest HUN"]
[Date "2024.09.12"]
[Round "2.71"]
[Board "1"]
[White "Mafaaz Khalid"]
[Black "Aziz, Husain"]
[Result "0-1"]
[BlackTitle "IM"]
[WhiteElo "2069"]
[BlackElo "2340"]
[WhiteTeam "Pakistan"]
[BlackTeam "Qatar"]
[WhiteFideId "7818424"]
[BlackFideId "12100293"]
[EventDate "2024.09.11"]

1. d4 d5 2. c4 e6 3. Nc3 Nf6 4. Nf3 Be7 5. Bg5 h6 6. Bh4 dxc4 7. e3 a6 8. Bxc4
b5 9. Bd3 Bb7 10. O-O Nbd7 11. Rc1 O-O 12. Qe2 c5 13. Bxf6 Bxf6 14. Be4 Bxe4 15.
Nxe4 c4 16. Rfd1 Qb6 17. g4 Be7 18. Ng3 Rfd8 19. e4 Nf8 20. e5 Ra7 21. Qe3 Rad7
22. h4 f6 23. Nh5 fxe5 24. Qxe5 Bd6 25. Qe2 Qc6 26. d5 exd5 27. Nd4 Qb6 28. Nf5
Bc5 29. Rc3 Qe6 30. Qf1 d4 31. Rf3 d3 32. g5 hxg5 33. hxg5 Qe2 34. Kg2 Qxf1+ 35.
Kxf1 Rf7 36. Kg2 Ng6 37. Nhxg7 Rxg7 38. Nh6+ Kh7 39. Rh1 Nh4+ 40. Rxh4 Rxg5+ 41.
Kh3 Rd4 42. Rf7+ Kg6 43. f4 Rh5 44. Rxh5 Kxh5 45. Ng4 d2 46. Ne5 Rxf4 47. Rxf4
d1=Q 48. Rf5+ Kh6 49. Ng4+ Kg7 50. Rxc5 Qh1+ 51. Nh2 Qe4 52. Rg5+ Kf8 53. Ng4 b4
54. Rg8+ Kf7 55. Rc8 Qd3+ 56. Kh4 Qd4 57. Kg5 c3 58. bxc3 bxc3 59. Nh6+ Ke6 60.
Re8+ Kd7 61. Re7+ Kd8 62. Re2 Qd2+ 0-1

[Event "45th Olympiad 2024"]
[Site "Budapest HUN"]
[Date "2024.09.12"]
[Round "2.71"]
[Board "2"]
[White "Erfan, Mohamad Firdaus"]
[Black "Amer Karim"]
[Result "0-1"]
[BlackTitle "FM"]
[WhiteElo "1758"]
[BlackElo "2081"]
[WhiteTeam "Qatar"]
[BlackTeam "Pakistan"]
[WhiteFideId "12102032"]
[BlackFideId "7800053"]
[EventDate "2024.09.11"]

1. d4 Nf6 2. c4 e6 3. Nc3 Bb4 4. e3 c5 5. Bd3 Nc6 6. Ne2 O-O 7. O-O d5 8. cxd5
exd5 9. a3 c4 10. Bc2 Ba5 11. f3 Bb6 12. b3 cxb3 13. Bxb3 Bf5 14. Ng3 Bg6 15. f4
Bc7 16. Qf3 Ne7 17. Bb2 Bd3 18. Rfd1 Ba6 19. Nh5 Nxh5 20. Qxh5 Bc4 21. Bxc4 dxc4
22. Qf3 Ba5 23. e4 Qb6 24. Qf2 Rfd8 25. Rac1 Rac8 26. Na4 Qb3 27. Qc2 Qe3+ 28.
Kh1 Qxf4 29. Rf1 Qd2 30. d5 Ng6 31. Qxd2 Bxd2 32. Rc2 Bf4 33. Bd4 b6 34. g3 Be5
35. Be3 Bd6 36. Nc3 Ne5 37. Nb5 Bc5 38. Bxc5 Rxc5 39. Nxa7 Ra8 40. Rf5 f6 41.
Rxe5 fxe5 42. Nc6 c3 43. Nxe5 Rxa3 44. Nd3 Rc4 45. e5 Rd4 46. Nf4 Rd1+ 47. Kg2
Rd2+ 48. Kh3 Rxc2 49. e6 Rd2 0-1

[Event "45th Olympiad 2024"]
[Site "Budapest HUN"]
[Date "2024.09.12"]
[Round "2.78"]
[Board "1"]
[White "Andrade, Ivan"]
[Black "Solomon, Joshua"]
[Result "1-0"]
[WhiteElo "2132"]
[BlackElo "1587"]
[WhiteTeam "Mozambique"]
[BlackTeam "Antigua and Barbuda"]
[WhiteFideId "14800039"]
[BlackFideId "23800160"]
[EventDate "2024.09.11"]

1. e4 c6 2. d4 d5 3. e5 Bf5 4. h4 h6 5. g4 Bh7 6. e6 fxe6 7. Bd3 Bxd3 8. Qxd3
Qd6 9. Ne2 e5 10. dxe5 Qxe5 11. Nc3 Na6 12. Bf4 Qf6 13. Qg3 O-O-O 14. O-O-O e6
15. g5 Qf7 16. g6 Qe8 17. Be5 Ne7 18. Nf4 Nf5 19. Qh3 Bd6 20. Rhe1 Rf8 21. h5 b5
22. Rd2 Qe7 23. Kd1 d4 24. Bxd6 dxc3 25. Bxe7 Rxd2+ 26. Kc1 Nd4 27. bxc3 Rxc2+
28. Kb1 Rxf4 29. cxd4 Rfxf2 30. Qxe6+ Kc7 31. Bd6+ Kb6 32. Qg8 b4 33. Qb3 Rc3
34. Bc5+ Kb5 35. a4+ Ka5 36. Bxb4+ Nxb4 37. Qxc3 Kxa4 38. Qa1+ Kb3 39. Re3+ Kc4
40. Qc3+ Kb5 41. Qc5+ Ka4 42. Qxa7+ Kb5 43. Re5+ Kc4 44. Qf7+ Kc3 45. Qxf2 1-0

[Event "45th Olympiad 2024"]
[Site "Budapest HUN"]
[Date "2024.09.12"]
[Round "2.80"]
[Board "2"]
[White "Mimbasa Kutesa, Willy"]
[Black "Carpenter, Paul A"]
[Result "0-1"]
[WhiteTitle "FM"]
[WhiteElo "1848"]
[BlackElo "1985"]
[WhiteTeam "Democratic Republic of the Congo"]
[BlackTeam "Jersey"]
[WhiteFideId "21400113"]
[BlackFideId "408930"]
[EventDate "2024.09.11"]

1. d4 b6 2. e4 Bb7 3. Nc3 e6 4. a3 d6 5. Nf3 h6 6. Bd3 g6 7. O-O Bg7 8. Be3 Nd7
9. Ne2 Ne7 10. Ng3 a6 11. c4 c5 12. b4 Nc6 13. d5 exd5 14. exd5 Nce5 15. Rb1 Bc8
16. Ne4 Nxf3+ 17. Qxf3 Ne5 18. Qe2 f5 19. Ng3 O-O 20. f4 Ng4 21. bxc5 bxc5 22.
Kh1 Qh4 23. h3 Qxg3 24. hxg4 Qh4+ 25. Kg1 fxg4 26. Bf2 Bd4 27. Bxd4 g3 28. Rf3
Qh2+ 29. Kf1 cxd4 30. Rxg3 Qxg3 31. f5 Bxf5 32. Bxf5 Rxf5+ 33. Kg1 Qe3+ 34. Qxe3
dxe3 35. Re1 Re8 36. Re2 Rf4 37. a4 Rxc4 38. Kh2 Rd4 39. Kg3 Rxd5 40. Kf3 Rd2
41. Rxe3 Rxe3+ 0-1

[Event "45th Olympiad 2024"]
[Site "Budapest HUN"]
[Date "2024.09.12"]
[Round "2.81"]
[Board "1"]
[White "Houssein, Mohamed Bilal"]
[Black "Wu, Li"]
[Result "0-1"]
[BlackTitle "FM"]
[WhiteElo "1870"]
[BlackElo "2325"]
[WhiteTeam "Djibouti"]
[BlackTeam "Isle of Man"]
[WhiteFideId "32504241"]
[BlackFideId "411086"]
[EventDate "2024.09.11"]

1. e4 c5 2. Nf3 Nc6 3. d4 cxd4 4. Nxd4 e5 5. Nb5 d6 6. c4 g6 7. Be2 Be6 8. O-O
Rc8 9. f4 a6 10. f5 axb5 11. fxe6 fxe6 12. Na3 Nd4 13. Nxb5 Qb6 14. Be3 Bg7 15.
b4 Ke7 16. a4 Nf6 17. a5 Qc6 18. Nxd4 exd4 19. Bxd4 e5 20. Bb6 Rhf8 21. c5 Nxe4
22. cxd6+ Qxd6 23. Qb3 Nd2 24. Rxf8 Nxb3 25. Rxc8 e4 26. Bd8+ Ke6 27. Bg4+ Kd5
28. Rd1+ Bd4+ 29. Kh1 h5 30. Bb6 hxg4 31. Rd8 Qxd8 32. Bxd8 e3 33. g3 Kc4 34.
Kg2 e2 35. Re1 Kd3 36. Bg5 Bc3 37. Kf2 Bxe1+ 38. Kxe1 Nd4 0-1

[Event "45th Olympiad 2024"]
[Site "Budapest HUN"]
[Date "2024.09.12"]
[Round "2.83"]
[Board "1"]
[White "Koumba, Mounguen Jose Evrard"]
[Black "Liyanage, Ranindu Dilshan"]
[Result "0-1"]
[BlackTitle "IM"]
[WhiteElo "1957"]
[BlackElo "2366"]
[WhiteTeam "Gabon"]
[BlackTeam "Sri Lanka"]
[WhiteFideId "645010"]
[BlackFideId "9915834"]
[EventDate "2024.09.11"]

1. e4 e5 2. Nf3 Nc6 3. Bc4 Nf6 4. d3 h6 5. Nc3 d6 6. h3 Na5 7. Bb5+ c6 8. Ba4 b5
9. Bb3 Be7 10. Be3 Qc7 11. Qd2 Bd7 12. Ne2 d5 13. exd5 Nxb3 14. axb3 Nxd5 15.
Ng3 f5 16. Bxa7 Rxa7 17. Rxa7 Qxa7 18. O-O Bd6 19. Re1 O-O 20. Nxe5 Bxe5 21.
Rxe5 Qa1+ 22. Kh2 Qxb2 23. Qe2 Nf4 24. Qe1 Ng6 25. Rc5 Qd4 26. b4 Re8 27. Qd2 f4
28. Ne2 Qxf2 0-1